Briton Hadden.

Bibliographic Details
Main Author: Busch, Noel F. (Noel Fairchild), 1906-1985
Format: Book
Language:English
Published: [Place of publication not identified] : Farrar, Straus, [1949]
Subjects:

MARC

Tag First Indicator Second Indicator Subfields
LEADER 00000cam a2200000 4500
001 in00000039024
005 20151007081443.0
008 720615s1949 eng u
010 |a  49003106  
035 |a (OCoLC)00332982 
035 |9 AAF6406AM 
040 |c WSU  |d TXA  |d UtOrBLW 
049 |a TXAM  |c [167065] 
090 |a PN4900.T5  |b B8 
092 |a 051  |b T583Yb 
100 1 |a Busch, Noel F.  |q (Noel Fairchild),  |d 1906-1985. 
245 1 0 |a Briton Hadden. 
264 1 |a [Place of publication not identified] :  |b Farrar, Straus,  |c [1949] 
300 |a 236 pages 
336 |a text  |b txt  |2 rdacontent 
337 |a unmediated  |b n  |2 rdamedia 
338 |a volume  |b nc  |2 rdacarrier 
600 1 0 |a Hadden, Briton,  |d 1898-1929. 
630 0 0 |a Time. 
999 |a MARS 
999 f f |s a7398022-6e29-31ce-9795-3619b67fac64  |i 2dd8f9d9-c289-3574-8ac5-3eecca6ac994  |t 0 
952 f f |p ric  |a Texas A&M University  |b Rellis Campus  |c Joint Library Facility  |d Remote Storage  |t 0  |e PN4900.T5 B8  |h Library of Congress classification  |i unmediated -- volume  |m A14800499044 
998 f f |a PN4900.T5 B8  |t 0  |l Remote Storage